00387nam a22001337a 450000500170000000800410001704100130005808200130007110000120008424500420009626000570013830000320019565000260022720240610143544.0240610b |||||||| |||| 00| 0 eng d aEnglish  a349 LAW  lEnglish aThe All England Law Reports: Reprint  aLondon: bButterworth and Co. Publishers Ltd, c1948 bxxxiv, 956 pages; c25 cm.  aLegal practice bLaw